00391nam a2200133Ia 450000500170000000800410001702000150005808200130007310000170008624500620010326000370016530000130020250000420021520250616001827.0240331s9999 xx 000 0 und d a9555735379 a305bSRI aAthukorala,P 0aSri Lankawe wargika gataluwa :bprabhawaya saha wardanaya aNugegodabUniversity Pressc2006 a139 p ., aA Book on Ethnic problem in Sri Lanka